000
00317nam a2200145Ia 4500
008
191201s2008 xx 000 0 und d
082
_a
331.1
_b
MOI
100
_a
MONAPPA, A
245
0
_a
Industrial Relations
250
_a
Rep.
260
_a
N.Delhi
_b
TMH
_c
2008
300
_a
388
650
_a
MBA
942
_2
ddc
_c
BK
999
_c
4061
_d
4061